Fr. Conceicao Rodrigues College of Engineering

Programming The 6809 (Record no. 32208)

MARC details
000 -LEADER
fixed length control field 00276nam a2200133Ia 4500
082 ## - DEWEY DECIMAL CLASSIFICATION NUMBER
Classification number 1.6
100 ## - MAIN ENTRY--PERSONAL NAME
Personal name Zaks/R/ Labiak/W
245 ## - TITLE STATEMENT
Title Programming The 6809
260 ## - PUBLICATION, DISTRIBUTION, ETC.
Name of publisher, distributor, etc. Sybex
Place of publication, distribution, etc. Berkeley
Date of publication, distribution, etc. 1982
300 ## - PHYSICAL DESCRIPTION
Extent 362
546 ## - LANGUAGE NOTE
Language note ENGLISH
654 ## - SUBJECT ADDED ENTRY--FACETED TOPICAL TERMS
Focus term Programming
942 ## - ADDED ENTRY ELEMENTS (KOHA)
Koha item type BOOK
Holdings
Withdrawn status Lost status Damaged status Not for loan Collection Home library Current library Shelving location Date acquired Source of acquisition Cost, normal purchase price Inventory number Total Checkouts Full call number Barcode Date last seen Cost, replacement price Price effective from Koha item type
        AFT Fr. Agnel's C.Rodrigues College of Engineering Fr. Agnel's C.Rodrigues College of Engineering   17/03/2023 UBS 178.65 T-214   1.6 AFT4309 17/03/2023 178.65 17/03/2023 BOOK